A modern first course in engineering science/ (Record no. 544589)

000 -LEADER
fixed length control field 00392nam a22001337a 4500
082 ## - DEWEY DECIMAL CLASSIFICATION NUMBER
Classification number 607
Author Mark POY
-- L-6, P-7
100 ## - MAIN ENTRY--PERSONAL NAME
Personal name Poyser, F.L.
9 (RLIN) 40253
245 ## - TITLE STATEMENT
Title A modern first course in engineering science/
260 ## - PUBLICATION, DISTRIBUTION, ETC.
Place of publication, distribution, etc. London:
Name of publisher, distributor, etc. University Tutorial Press ltd,
Date of publication, distribution, etc. c1953
300 ## - PHYSICAL DESCRIPTION
Extent 295 p.;
Other physical details diagram.;
Dimensions 16cm
526 ## - STUDY PROGRAM INFORMATION NOTE
Program name 0
Interest level 0
Reading level 0
Title point value 607_000000000000000_POY
650 ## - SUBJECT ADDED ENTRY--TOPICAL TERM
Topical term or geographic name entry element MCE
9 (RLIN) 379
942 ## - ADDED ENTRY ELEMENTS (KOHA)
Source of classification or shelving scheme
Koha item type Book
Holdings
Withdrawn status Lost status Source of classification or shelving scheme Damaged status Not for loan Permanent Location Current Location Date acquired Total Checkouts Full call number Barcode Date last seen Date last checked out Price effective from Koha item type
          Military College of Engineering (MCE) Military College of Engineering (MCE) 05/08/2014 1 607 POY MCE-40783 05/09/2014 05/09/2014 05/08/2014 Book
© 2023 Central Library, National University of Sciences and Technology. All Rights Reserved.